| 000 | 00834nam a22002297a 4500 | ||
|---|---|---|---|
| 999 |
_c7759 _d7759 |
||
| 003 | AR-CdUCM | ||
| 008 | 190321b ||||| |||| 00| 0 spa d | ||
| 040 |
_aMUNICIPALIDAD PROVINCIAL DEL CUSCO _cBIBLIOTECA MUNICIPAL DEL CUSCO |
||
| 082 |
_a530.07 / _bSE42 _27ed. |
||
| 100 |
_aSerway, Raymond _921921 |
||
| 245 |
_aFísica : _bPara ciencias e ingeniería / |
||
| 260 |
_aMéxico : _bEdamsa, _c2008. |
||
| 300 |
_a640 paginas ; _c23 cm. |
||
| 505 | _aContenido :Física y medición -- Movimientos en dos dimensiones -- Temperatura -- Teoría cinética de los gases -- Mecánica ... | ||
| 650 |
_aProblemas, ejercicios _919962 |
||
| 650 |
_aFísica _92382 |
||
| 650 |
_aEstudio y enseñanza _92610 |
||
| 700 |
_aJewett, J. John _921922 |
||
| 700 |
_aCampos Olguín, Víctor (traductor) _921923 |
||
| 942 |
_2ddc _cLIBROS |
||
| 945 | _arum | ||